000 003230000a22001450004500
003 LK-CoMWRAF
008 230817t ||||| |||| 00| 0 eng d
040 _aLK-CoMWRAF
_dLK-CoMWRAF
_eLK-CoMWRAF
041 _aeng
082 _a024TAM
245 _aEluthatha Une Kavithai
_b
260 _b
_a
_c
300 _ap.72
942 _cBK
999 _c654
_d654